000 00828nam a2200241 i 4500
001 bg
100 1 _aKOZŁOWSKI, Stefan
_d(1928- )
245 0 0 _aOchrona środowiska :
_bUnia Europejska - Polska /
_cStefan Kozłowski.
260 _aWarszawa :
_b"Elipsa",
_c2003.
300 _aS. 3-141, [3] :
_btab., wykr. ;
_c21 cm.
500 _aStreszcz. ang. Spis treści także ang.
504 _aBibliogr. s. 136-137.
650 9 _aOchrona środowiska
_xpolityka
_zPolska
_yod 1989 r.
650 9 _aOchrona środowiska
_xpolityka
_xUnia Europejska
020 _a837151607X
040 _cBPK
041 0 _apol
_bengeng
080 _a504.03(438:4-67)"1989/..."
920 _a83-7151-607-X
942 _cKS
008 s pl f |000 0 pol
999 _c44649
_d44649
856 _uhttp://koha.tu.koszalin.pl/cgi-bin/koha/opac-detail.pl?biblionumber=44649
_yKatalog online BPK